Vista normal
Vista MARC
Entrada Materia (personas)
Número de registros utilizados en: 1
001 - CONTROL NUMBER
- control field: 83203
003 - CONTROL NUMBER IDENTIFIER
- control field: Co-BoUCM
005 - DATE AND TIME OF LATEST TRANSACTION
- control field: 20161219130901.0
008 - FIXED-LENGTH DATA ELEMENTS
- fixed length control field: 161219|| aca||aabn | a|a d
040 ## - CATALOGING SOURCE
- Original cataloging agency: Co-BoUCM
- Transcribing agency: Co-BoUCM
100 ## - HEADING--PERSONAL NAME
- Personal name: Cunninghame Graham, Gabriela
- Dates associated with a name: 1861-1906
670 ## - SOURCE DATA FOUND
- Source citation: Work cat.: (Co-BoUCM): Cunninghame Graham, Gabriela 1861-1906, Santa Teresa, 1894